| 000 | 00633nam a2200205Ia 4500 | ||
|---|---|---|---|
| 003 | GCL | ||
| 005 | 20240530103357.0 | ||
| 008 | 140319s9999 xx 000 0 ara d | ||
| 040 |
_aGCL / _cGCL |
||
| 082 | 0 | 4 |
_a330.9 _bع ا |
| 100 | 1 | _aعبدالرحمن عيسوى | |
| 245 | 1 | 0 |
_aالاسلام والتنمية البشرية / _cعبدالرحمن عيسوى |
| 250 | _aط1 | ||
| 260 |
_aبيروت : _bدار النهضة العربية ، _c1988 |
||
| 300 |
_a237 ص؛ _b24 سم. |
||
| 650 | 0 | 4 | _aالاسلام |
| 650 | 0 | 4 | _aالتربية الاسلامية |
| 650 | 0 | 4 | _aالتنمية البشرية |
| 942 |
_2ddc _cBK |
||
| 999 |
_c38927 _d38927 |
||